Les eaux minérales en France - 2 - - Statistiques

Statistiques générales
  • Ce quiz a été pris 29 fois
  • Le résultat moyen est 3 sur 11
Statistiques - réponses
Hint Réponse % Correct
Plancoët Bretagne
72%
Badoit Auvergne Rhône Alpes
45%
Orezza Corse
41%
Vittek Grand est
38%
Quézac Occitanie
34%
Cilaos Réunion
28%
Alizée Centre Val de Loire
24%
Martinique Didier
24%
Saint-Léger Hauts-de-France
17%
Ogeu Aquitaine
10%
Meyreuilk PACA
3%
Aucun quiz correspondant
Distribution des résultats
% des personnes avec chaque résultat
Percentile par nombre de réponses
Votre historique - résultats
Vous n’avez pas pris ce quiz